000
00302nam a2200121Ia 4500
008
191201s2012 xx 000 0 und d
100
_a
LAUDON,Kenneth
245
0
_a
Essentials of Management Information Systems
260
_a
N.Delhi
_b
Pearson
_c
2012
300
_a
Misc
650
_a
MCA
942
_2
ddc
_c
BK
999
_c
6090
_d
6090